000 00415nam a2200157Ia 4500
008 230711s9999||||xx |||||||||||||| ||und||
020 _a978-81-261-3427-4
041 _aENG
082 _a631.568
_bUP-P
100 _aUpadhyaya, R.C.
245 0 _aPost - Harvest Technology of Horticultural Crops
260 _c2008
_aNew Delhi
_bAnmol Publication(P) Ltd.
300 _a264p.
650 _aAgriculture
942 _cBK
999 _c7594
_d7594